Sankarakurup Vimarsikkappetunnu (Record no. 26437)

MARC details
000 -LEADER
fixed length control field 00476nam a2200145Ia 4500
008 - FIXED-LENGTH DATA ELEMENTS--GENERAL INFORMATION
fixed length control field 211109s9999||||xx |||||||||||||| ||und||
082 ## - DEWEY DECIMAL CLASSIFICATION NUMBER
Classification number 894.81209
Item number AZI-S
100 ## - MAIN ENTRY--PERSONAL NAME
Personal name Azhicode, Sukumar
245 #0 - TITLE STATEMENT
Title Sankarakurup Vimarsikkappetunnu
260 ## - PUBLICATION, DISTRIBUTION, ETC.
Name of publisher, distributor, etc. Navakerala Co-Operative Publishing House
Place of publication, distribution, etc. Kozhikode
Date of publication, distribution, etc. 1963
300 ## - PHYSICAL DESCRIPTION
Extent 189p
630 ## - SUBJECT ADDED ENTRY--UNIFORM TITLE
General subdivision General Stack
650 ## - SUBJECT ADDED ENTRY--TOPICAL TERM
Topical term or geographic name entry element Malayalam Literature
942 ## - ADDED ENTRY ELEMENTS (KOHA)
Koha item type BOOK
650 ## - SUBJECT ADDED ENTRY--TOPICAL TERM
Form subdivision Malayalam DramaLiterary CriticismMalayalam Literary Theoy
General subdivision Criticism
Holdings
Withdrawn status Lost status Damaged status Not for loan Home library Current library Date acquired Cost, normal purchase price Total Checkouts Full call number Barcode Shelving location Date last seen Date last checked out Price effective from Koha item type
        SB LIBRARY SB LIBRARY 09/11/2021 2.50 3 894.81209 AZI-S 00027242 GENERAL STACK 12/08/2022 12/07/2022 09/11/2021 BOOK

Powered by Koha